00537 a2200181 4500003000500000005001700005040000900022082001000031100002600041245007300067260002300140300001600163538002900179650001600208942000800224999001900232952010400251Nust20170207153550.0 cNust a005.1 aIlyas, Muhammad MSCS aIntelligent system for digital circuit designcMuhammad Ilyas, MSCS bMCScDecember 1999 aviii, 107 p aAlmirah No 69 Shelf No 5 aMSCS Thesis cTHS c188818d188818 00102ddc40708NFICaMCSbMCSd2016-12-12l0o005.1 ILYpMCSTCS-253r2016-12-08w2016-12-12yBK